=LDR 00000nam 2200000 4500 =001 000862 =005 20250712094111 =035 ##$$a 0010-0725000740 =007 ta =008 250712################a##########0#ind## =020 ##$$a 978-623-307-624-1 =082 ##$$a 398.280. 2 =084 ##$$a 398.280. 2 KUM l =245 1#$$a lassi, es krim atau foalooda? /$c Mala Kumar =250 ##$$a Pertama =260 ##$$a Jakarta :$b Badan pengembangan dan pembinaan bahasa,$c 2022 =300 ##$$a 12 hlm. : $b ilus. ; $c 22,9 cm =650 #4$$a Cerita anak terjemahan =650 #4$$a Literasi bahan bacaan =700 #$$a priya kurian =110 ##$$a Kumar mala =990 ##$$a TBM202400788